|
|
|
|
| LEADER |
00996cam a2200337 i 4500 |
| 001 |
000048408 |
| 003 |
8124 |
| 005 |
20030307084510.0 |
| 008 |
010320|1997 vm 000 eng |
| 020 |
|
|
|a 0205271421
|
| 040 |
|
|
|a IRC
|c IRC
|d IRC
|
| 041 |
0 |
|
|a eng
|
| 082 |
1 |
4 |
|a 371.90973
|b HA-D
|
| 100 |
1 |
|
|a Hallahan, Daniel P.,
|d 1944-
|
| 245 |
0 |
0 |
|a Teaching exceptional children :
|b cases for reflection and analysis for Exceptional learners : introduction to special education /
|c [compiled by] Daniel P. Hallahan, James M. Kauffman.
|
| 250 |
|
|
|a 7th ed.
|
| 260 |
|
|
|a Boston, Mass. :
|b Allyn and Bacon,
|c 1997.
|
| 300 |
|
|
|a 59 p. ;
|c 22.5cm.
|
| 630 |
0 |
4 |
|a Education.
|
| 650 |
0 |
4 |
|a Special education
|z United States.
|
| 700 |
1 |
|
|a Kauffman, James M.
|
| OWN |
|
|
|a DUT
|
| 999 |
|
|
|a From the UDN01
|
| TYP |
|
|
|a Monograph
|
| TYP |
|
|
|a Printed language
|
| 980 |
|
|
|a Mạng thư viện Đại học Đà Nẵng
|